BCIS Wessex estimating price book: alterations & refurbishment (Record no. 106414)

MARC details
000 -LEADER
fixed length control field 01099cam a2200241 4500
001 - CONTROL NUMBER
control field ##L136511
008 - FIXED-LENGTH DATA ELEMENTS--GENERAL INFORMATION
fixed length control field 050923n2006 000 0 eng u
020 ## - INTERNATIONAL STANDARD BOOK NUMBER
International Standard Book Number 1904829430
035 ## - SYSTEM CONTROL NUMBER
System control number (Sirsi) u136511
041 0# - LANGUAGE CODE
Language code of text/sound track or separate title eng
050 04 - LIBRARY OF CONGRESS CALL NUMBER
Classification number 692.5 $2 18
245 00 - TITLE STATEMENT
Title BCIS Wessex estimating price book: alterations & refurbishment
Remainder of title 2007
250 ## - EDITION STATEMENT
Edition statement 12th ed.
260 ## - PUBLICATION, DISTRIBUTION, ETC.
Place of publication, distribution, etc. Poole
Name of publisher, distributor, etc. Wessex
Date of publication, distribution, etc. 2006
300 ## - PHYSICAL DESCRIPTION
Extent ca. 400p.
Dimensions 30cm
350 ## - PRICE (NR) (BK AM CF MU VM SE) [OBSOLETE]
Price 65
520 2# - SUMMARY, ETC.
Summary, etc. Includes nearly 5,000 fully updated materials prices, almost 12,500 built-up work items and over 600 approximate estimating prices. A free pricing system CD is also available with the book. Contains unit rates, labour hours, material prices and waste factors, plant time, hire rates, detailed approximate estimating, preliminaries and day works, as well as a comprehensive memoranda list.
520 ## - SUMMARY, ETC.
Summary, etc. Includes CD-ROM titled Alterations and refurbishment pricing system 2007 (L146156) which is not available for loan
690 ## - LOCAL SUBJECT ADDED ENTRY--TOPICAL TERM (OCLC, RLIN)
Topical term or geographic name as entry element BUILT ENVIRONMENT-BUILDING COSTS
700 1# - ADDED ENTRY--PERSONAL NAME
Personal name Barnett, N.P.
Relator term Editor
942 ## - ADDED ENTRY ELEMENTS (KOHA)
Suppress in OPAC 0
Holdings
Withdrawn status Lost status Source of classification or shelving scheme Damaged status Not for loan Home library Current library Shelving location Date acquired Total Checkouts Full call number Barcode Date last seen Copy number Price effective from Koha item type
    Dewey Decimal Classification     London London RICS Boxes 17/03/2008   RICS 2007/32 30074233 06/08/2019 4 06/08/2019 Archive
    Dewey Decimal Classification     London London Basement 12/09/2008   BASEMENT 30074235 06/08/2019 2 06/08/2019 Book
    Dewey Decimal Classification     London London Folio 12/09/2008   BASEMENT 30073677 06/08/2019 3 06/08/2019 Book